Tamil̲k kātal. (Record no. 61069)

MARC details
000 -LEADER
fixed length control field 00676cam a22002531 4500
001 - CONTROL NUMBER
control field sa 64008859
003 - CONTROL NUMBER IDENTIFIER
control field DLC
005 - DATE AND TIME OF LATEST TRANSACTION
control field 20260227112057.0
008 - FIXED-LENGTH DATA ELEMENTS--GENERAL INFORMATION
fixed length control field 950222s1962 ii b 000 0 tamo
010 ## - LIBRARY OF CONGRESS CONTROL NUMBER
LC control number sa 64008859
025 ## - OVERSEAS ACQUISITION NUMBER
Overseas acquisition number PL480:I-T-911
035 ## - SYSTEM CONTROL NUMBER
System control number (OCoLC)32036234
040 ## - CATALOGING SOURCE
Original cataloging agency DLC
Transcribing agency CU
Modifying agency CU
-- DLC
042 ## - AUTHENTICATION CODE
Authentication code premarc
050 00 - LIBRARY OF CONGRESS CALL NUMBER
Classification number PL4758.2
Item number .M32
100 1# - MAIN ENTRY--PERSONAL NAME
Personal name Māṇikkam, Va. Cupa.,
Dates associated with a name 1917-1989.
245 10 - TITLE STATEMENT
Title Tamil̲k kātal.
260 ## - PUBLICATION, DISTRIBUTION, ETC.
Date of publication, distribution, etc. [1962]
300 ## - PHYSICAL DESCRIPTION
Extent 478 p.
Dimensions 19 cm.
500 ## - GENERAL NOTE
General note In Tamil.
504 ## - BIBLIOGRAPHY, ETC. NOTE
Bibliography, etc. note Bibliographical footnotes.
650 #0 - SUBJECT ADDED ENTRY--TOPICAL TERM
Topical term or geographic name entry element Tamil poetry
General subdivision History and criticism.
650 #0 - SUBJECT ADDED ENTRY--TOPICAL TERM
Topical term or geographic name entry element Erotic literature
General subdivision History and criticism.

No items available.

Powered by Koha